[Event "Open Nord 2016/2017"]
[Site "Meyreuil"]
[Date "2016.01.10"]
[Round "1"]
[White "Mamah, Isabelle"]
[Black "Boukhfif, Tarik"]
[Result "1-0"]
[WhiteElo "1883"]
[BlackElo "1462"]
[PlyCount "75"]
[EventDate "2016.??.??"]

1. e4 e5 2. Nf3 Nc6 3. Bc4 Bc5 4. b4 Bxb4 5. c3 Ba5 6. d4 exd4 7. O-O Bb6 8.
cxd4 Nge7 9. Ng5 O-O 10. Qh5 h6 11. Nxf7 Rxf7 12. Bxf7+ Kh7 13. Na3 Bxd4 14.
Rb1 Ne5 15. Bb3 d6 16. Be3 Bxe3 17. fxe3 Bg4 18. Qh4 Be2 19. Rf2 Bd3 20. Bc2
Ba6 21. Nb5 Qd7 22. Nd4 Re8 23. Nf5 N7g6 24. Qg3 b6 25. h4 Nd3 26. h5 Nge5 27.
Rd2 Rf8 28. Bb3 Nc5 29. Bc2 Bb7 30. Rb4 a5 31. Rbd4 Qf7 32. Rd1 Ne6 33. Nxd6
Nxd4 34. exd4 cxd6 35. dxe5 dxe5 36. Bb3 Qf6 37. Bc4 Qd6 38. Rxd6 1-0

[Event "Open Nord 2016/2017"]
[Site "Meyreuil"]
[Date "2016.01.10"]
[Round "1"]
[White "Perdiolat, Francis"]
[Black "Andriamandimbisoa, Mathieu"]
[Result "0-1"]
[WhiteElo "1460"]
[BlackElo "1766"]
[PlyCount "60"]
[EventDate "2016.??.??"]

1. e4 e6 2. d4 d5 3. e5 c5 4. c3 Nc6 5. Nf3 Qb6 6. a3 c4 7. Nbd2 Na5 8. Rb1 Bd7
9. Be2 Be7 10. O-O Rc8 11. Qe1 f6 12. Bd1 Qc7 13. Qe3 Nh6 14. Re1 Nf5 15. Qe2
Nc6 16. Bc2 Nh6 17. Nf1 Nf7 18. Bf4 Qa5 19. Ng3 g6 20. h3 f5 21. Qd2 Qd8 22.
Nh1 g5 23. Bh2 g4 24. Qe2 gxf3 25. Qxf3 O-O 26. Ng3 Ng5 27. Qf4 Be8 28. Bd1 Bg6
29. f3 Nf7 30. Ra1 Bg5 0-1

[Event "Open Nord 2016/2017"]
[Site "Meyreuil"]
[Date "2016.01.10"]
[Round "1"]
[White "Salvi, Michel"]
[Black "Hidreau, Olivier"]
[Result "1-0"]
[WhiteElo "1729"]
[BlackElo "1426"]
[PlyCount "95"]
[EventDate "2016.??.??"]

1. e4 e6 2. Nf3 d5 3. Nc3 c5 4. d4 cxd4 5. Qxd4 Nc6 6. Bb5 Nge7 7. Bf4 a6 8.
Bxc6+ Nxc6 9. Qd3 dxe4 10. Qxe4 Bb4 11. Qc4 O-O 12. O-O f6 13. Ne4 Rf7 14. a3
Bf8 15. Rad1 Qb6 16. b4 e5 17. Be3 Qb5 18. Qb3 Nxb4 19. axb4 Qxb4 20. Rd8 Qxb3
21. cxb3 Rd7 22. Rxd7 Bxd7 23. Nc5 Bc6 24. Rd1 Be7 25. h3 Rd8 26. Rxd8+ Bxd8
27. Nd2 Kf7 28. Nc4 Ke7 29. Kf1 Bc7 30. f3 h6 31. Ke2 h5 32. h4 g6 33. g3 e4
34. f4 f5 35. Kd2 Bd5 36. Kc3 b5 37. Nxa6 Bd8 38. Ne5 Ba5+ 39. b4 Bd8 40. Nxg6+
Ke8 41. Kd4 Bf7 42. Ne5 Bb6+ 43. Nc5 Ke7 44. Kc3 Be8 45. Bd4 Kd6 46. Nxe4+ Kc7
47. Bxb6+ Kxb6 48. Nd6 1-0

[Event "Open Nord 2016/2017"]
[Site "Meyreuil"]
[Date "2016.01.10"]
[Round "1"]
[White "Gourdeau, Marie-Christine"]
[Black "Loysel, Yves"]
[Result "0-1"]
[WhiteElo "1399"]
[BlackElo "1646"]
[PlyCount "82"]
[EventDate "2016.??.??"]

1. e4 c5 2. c3 Nf6 3. e5 Nd5 4. d4 cxd4 5. Bc4 Qc7 6. Qe2 Nb6 7. Bd3 d5 8. exd6
Qxd6 9. Nf3 Nc6 10. O-O g6 11. Nxd4 Nxd4 12. cxd4 Bg7 13. Be3 O-O 14. Nc3 Be6
15. Nb5 Qd7 16. Rfc1 Rfc8 17. Rxc8+ Nxc8 18. Bc4 Bxc4 19. Qxc4 a6 20. Nc3 Nd6
21. Qd3 Rc8 22. Rc1 b5 23. b3 Nf5 24. Ne2 Rxc1+ 25. Nxc1 Nxe3 26. fxe3 Bh6 27.
Ne2 b4 28. e4 a5 29. d5 Qa7+ 30. Nd4 Bg7 31. Qc4 Qxd4+ 32. Qxd4 Bxd4+ 33. Kf1
Kg7 34. Ke2 Kf6 35. Kf3 Ke5 36. g4 f5 37. gxf5 gxf5 38. exf5 Kxf5 39. h4 Ke5
40. Kg4 Kxd5 41. h5 e5 0-1

[Event "Open Nord 2016/2017"]
[Site "Meyreuil"]
[Date "2016.01.10"]
[Round "1"]
[White "Tchifteyan, Philippe"]
[Black "Ribelles, Anthony"]
[Result "1-0"]
[WhiteElo "1620"]
[BlackElo "1384"]
[PlyCount "53"]
[EventDate "2016.??.??"]

1. e4 e5 2. Nf3 Nc6 3. c3 d5 4. Bb5 a6 5. Bxc6+ bxc6 6. Nxe5 Nf6 7. d4 dxe4 8.
Bg5 Qd6 9. Nd2 Bf5 10. O-O Be7 11. Re1 O-O 12. Ndc4 Qd5 13. Ne3 Qe6 14. Nxf5
Qxf5 15. Bxf6 Bxf6 16. Nxc6 Rfe8 17. Nb4 c5 18. dxc5 Qxc5 19. Nc2 Rad8 20. Qe2
a5 21. Ne3 g6 22. Rad1 Rxd1 23. Rxd1 Re5 24. Ng4 Rf5 25. Nh6+ Kg7 26. Nxf5+
Qxf5 27. Re1 1-0

[Event "Open Nord 2016/2017"]
[Site "Meyreuil"]
[Date "2016.01.10"]
[Round "1"]
[White "Fastier, Adrien"]
[Black "Scamaroni, Jean-Paul"]
[Result "0-1"]
[WhiteElo "1329"]
[BlackElo "1608"]
[PlyCount "60"]
[EventDate "2016.??.??"]

1. e4 c5 2. Nf3 d6 3. Bb5+ Bd7 4. Bxd7+ Nxd7 5. Nc3 e6 6. O-O Ngf6 7. d3 a6 8.
Nd2 Be7 9. f4 Qc7 10. Nf3 O-O 11. h3 b5 12. Qe2 Nh5 13. Rd1 g6 14. g4 Ng7 15.
Qh2 b4 16. Ne2 f5 17. g5 Rad8 18. h4 Qc6 19. Ng3 c4 20. h5 fxe4 21. dxe4 Nxh5
22. Nxh5 gxh5 23. Qxh5 Qxe4 24. Kf2 e5 25. g6 Qxc2+ 26. Bd2 Qxg6 27. Qxg6+ hxg6
28. Bxb4 Rxf4 29. Ke3 Nf6 30. Ng5 Ng4+ 0-1

[Event "Open Nord 2016/2017"]
[Site "Meyreuil"]
[Date "2016.01.10"]
[Round "1"]
[White "Schiano-Lomoriello, Didier"]
[Black "Roman, Sylvian"]
[Result "0-1"]
[WhiteElo "1607"]
[BlackElo "1303"]
[PlyCount "64"]
[EventDate "2016.??.??"]

1. e4 e5 2. Nf3 Nc6 3. Bb5 a6 4. Ba4 Nf6 5. O-O b5 6. Bb3 Be7 7. Re1 O-O 8. c3
d5 9. exd5 Nxd5 10. Nxe5 Nxe5 11. Rxe5 c6 12. d4 Bd6 13. Re1 Qh4 14. g3 Qh3 15.
Qd3 Bf5 16. Qf1 Qh5 17. Be3 Bh3 18. Qe2 Bg4 19. Qd3 Bf5 20. Qd2 Qh3 21. Qe2
Rae8 22. Qf1 Qh5 23. Nd2 Bh3 24. Qe2 Bg4 25. f3 Rxe3 26. Qf2 Bxf3 27. Rxe3 Nxe3
28. Nxf3 Ng4 29. Qe2 Nxh2 30. Bxf7+ Rxf7 31. Qe8+ Bf8 32. Nxh2 Rf1+ 0-1

[Event "Open Nord 2016/2017"]
[Site "Meyreuil"]
[Date "2016.01.10"]
[Round "1"]
[White "Person, Claude"]
[Black "Graells, Christian"]
[Result "0-1"]
[WhiteElo "1221"]
[BlackElo "1602"]
[PlyCount "78"]
[EventDate "2016.??.??"]

1. e4 e5 2. Nf3 Nc6 3. Bb5 a6 4. Ba4 Nf6 5. O-O b5 6. Bb3 d6 7. Re1 h6 8. c3
Na5 9. Bc2 c5 10. h3 Be7 11. d3 O-O 12. Be3 Bb7 13. Nbd2 Nh7 14. Nf1 f5 15.
exf5 Rxf5 16. N1h2 Qc7 17. g4 Rf7 18. b4 Qc6 19. bxa5 Ng5 20. Bxg5 Bxg5 21. Bb3
c4 22. dxc4 bxc4 23. Ba4 Qc5 24. Qe2 Raf8 25. Rf1 Bxf3 26. Nxf3 Rxf3 27. Kg2
Qd5 28. Kh2 Bf4+ 29. Kg1 Rxh3 30. f3 Rg3+ 31. Kh1 Rxg4 32. Qe4 Rh4+ 33. Kg1
Bh2+ 34. Kg2 Rxe4 35. fxe4 Qd2+ 36. Kh1 Bf4 37. Rxf4 Qxf4 38. Bc6 Qh4+ 39. Kg2
Rf2+ 0-1

[Event "Open Nord 2016/2017"]
[Site "Meyreuil"]
[Date "2016.01.10"]
[Round "1"]
[White "Arthaud, Geoffrey"]
[Black "Pietrac, Christian"]
[Result "1-0"]
[WhiteElo "1539"]
[BlackElo "1205"]
[PlyCount "91"]
[EventDate "2016.??.??"]

1. e4 d6 2. d4 Nf6 3. Nc3 g6 4. Bb5+ c6 5. Bd3 Bg7 6. Nf3 Bg4 7. h3 Bxf3 8.
Qxf3 O-O 9. O-O Nbd7 10. Re1 e5 11. d5 Nb6 12. a4 a5 13. Be3 Nfd7 14. Ra3 Nc5
15. Qe2 Nxd3 16. Qxd3 f5 17. Rb3 c5 18. Qb5 f4 19. Qxb6 fxe3 20. Rxe3 Bh6 21.
Qxd8 Raxd8 22. Rg3 Rd7 23. Nb5 Rdf7 24. Rgf3 Rd7 25. Na3 Bf4 26. Nc4 Rff7 27.
Rb6 Rf6 28. Rfb3 Bh6 29. Rxb7 Rff7 30. Rxd7 Rxd7 31. Rb6 Bf8 32. Nxa5 h5 33.
Nc6 Kg7 34. a5 Rc7 35. a6 Rc8 36. a7 Ra8 37. Rb8 Rxa7 38. Nxa7 Kg8 39. Nb5 Kf7
40. Rb6 Kf6 41. Nxd6 Bxd6 42. Rxd6+ Kg5 43. f3 Kf4 44. Kf2 h4 45. Rxg6 c4 46.
Rg4# 1-0

[Event "Open Nord 2016/2017"]
[Site "Meyreuil"]
[Date "2016.01.10"]
[Round "1"]
[White "Schoeni, Christine"]
[Black "Lemarchand, Fabien"]
[Result "0-1"]
[WhiteElo "1102"]
[BlackElo "1512"]
[PlyCount "61"]
[EventDate "2016.??.??"]

1. d4 Nf6 2. e3 d5 3. Nc3 c5 4. Bb5+ Nc6 5. dxc5 e5 6. e4 d4 7. Bxc6+ bxc6 8.
Na4 Qa5+ 9. c3 Nxe4 10. Ne2 Ba6 11. b4 Qb5 12. O-O Qxe2 13. Qxe2 Bxe2 14. Re1
d3 15. f3 Nf6 16. Kf2 O-O-O 17. Bd2 Be7 18. g3 Rhe8 19. Nb2 e4 20. Nd1 exf3 21.
Ne3 Ne4+ 22. Kg1 Nxd2 23. a4 Bf6 24. Rac1 Rxe3 25. Kf2 Nc4 26. Rh1 d2 27. Rce1
d1=N+ 28. Kg1 Bxc3 29. Rxe2 Rxe2 30. Kf1 Nde3+ 31. Kg1 0-1

[Event "Open Nord 2016/2017"]
[Site "Meyreuil"]
[Date "2016.01.10"]
[Round "1"]
[White "Mignemi, Denis"]
[Black "Gougeon, Hugo"]
[Result "1-0"]
[WhiteElo "1492"]
[BlackElo "1099"]
[PlyCount "49"]
[EventDate "2016.??.??"]

1. d4 d5 2. Nf3 Nc6 3. Bf4 Nxd4 4. Nxd4 c5 5. Nf3 g6 6. e3 Qb6 7. Be5 f6 8. Bc3
Bf5 9. b3 O-O-O 10. Be2 Bg7 11. Nbd2 d4 12. exd4 cxd4 13. Nxd4 Rxd4 14. Bxd4
Qxd4 15. Nc4 Qc3+ 16. Nd2 Bxc2 17. Qc1 f5 18. O-O Qxa1 19. Qxc2+ Bc3 20. Rxa1
Kb8 21. Qxc3 Nf6 22. Rc1 a6 23. Bf3 Rf8 24. Qc7+ Ka7 25. Qxb7# 1-0

[Event "Open Nord 2016/2017"]
[Site "Meyreuil"]
[Date "2016.01.10"]
[Round "1"]
[White "Lognos, Lina"]
[Black "Lupinacci, Patrick"]
[Result "0-1"]
[WhiteElo "1062"]
[BlackElo "1483"]
[PlyCount "106"]
[EventDate "2016.??.??"]

1. c4 c5 2. d3 Nf6 3. Nc3 e6 4. Nf3 d5 5. cxd5 exd5 6. g3 Be7 7. e3 O-O 8. Bg2
Nc6 9. O-O a6 10. d4 Be6 11. a3 b5 12. Ng5 cxd4 13. Nxe6 fxe6 14. exd4 Qd7 15.
Re1 b4 16. Na4 Rab8 17. Nc5 Bxc5 18. dxc5 a5 19. Bg5 b3 20. Bf4 Rb7 21. Rc1 a4
22. Be5 Na5 23. Qd2 Nc4 24. Qd4 Nxe5 25. Qxe5 Rc7 26. Qxe6+ Qxe6 27. Rxe6 Rfc8
28. c6 Rd8 29. Rc5 Kf7 30. Re3 Rd6 31. Rd3 Rdxc6 32. Bxd5+ Nxd5 33. Rxc6 Rxc6
34. Rxd5 Rc2 35. Ra5 Rxb2 36. Rxa4 Ra2 37. Ra7+ Ke6 38. Rxg7 b2 39. Rb7 Ra1+
40. Kg2 b1=Q 41. Rxb1 Rxb1 42. a4 Ra1 43. h4 Kf5 44. Kf3 h5 45. a5 Rxa5 46. g4+
hxg4+ 47. Kg3 Ra3+ 48. Kg2 Kf4 49. h5 Rh3 50. f3 Rxh5 51. fxg4 Kxg4 52. Kg1 Kf3
53. Kf1 Rh1# 0-1

[Event "Open Nord 2016/2017"]
[Site "Meyreuil"]
[Date "2016.01.10"]
[Round "1"]
[White "Bouriel, Michel"]
[Black "Pinto, Axel"]
[Result "1-0"]
[WhiteElo "1473"]
[BlackElo "1060"]
[PlyCount "165"]
[EventDate "2016.??.??"]

1. c4 Nf6 2. Nc3 e6 3. Nf3 Nc6 4. g3 b6 5. Bg2 Bb4 6. Nd4 Bb7 7. Nxc6 Bxc6 8.
Bxc6 dxc6 9. Qa4 Qd6 10. Qc2 O-O 11. O-O Rfd8 12. d3 h6 13. Bf4 e5 14. Bd2 g5
15. a3 Bxc3 16. Bxc3 Rd7 17. b4 c5 18. Rab1 cxb4 19. axb4 Re8 20. Ra1 c5 21.
bxc5 Qxc5 22. Qb2 Nh7 23. Bb4 Qd4 24. Bc3 Qd6 25. Ra6 f6 26. Qa2 Qe6 27. Rxa7
Rxa7 28. Qxa7 e4 29. dxe4 Qxe4 30. e3 Qxc4 31. Bd4 b5 32. Qd7 Rb8 33. Qd6 Rc8
34. Bxf6 Nxf6 35. Qxf6 Rc6 36. Qd8+ Kf7 37. Rd1 Rc7 38. Qd5+ Qxd5 39. Rxd5 Rb7
40. Rd3 b4 41. Rb3 Ke6 42. Kf1 Kd5 43. Ke2 Kc4 44. Rb1 Kc3 45. Kd1 b3 46. e4
Rd7+ 47. Ke2 Kc2 48. Ra1 b2 49. Ra2 Kb3 50. Rxb2+ Kxb2 51. Ke3 Re7 52. Kd4 Rf7
53. e5 Rxf2 54. h3 Rd2+ 55. Ke4 Kc3 56. Kf5 Rd5 57. Ke4 Rd8 58. e6 Kc4 59. Ke5
Kc5 60. Kf6 Kd6 61. Kf7 Kc7 62. e7 Rd7 63. Kf8 Kc8 64. e8=Q+ Rd8 65. Qxd8+ Kxd8
66. Kg7 Ke7 67. Kg6 Ke6 68. g4 Ke5 69. Kxh6 Kf6 70. Kh5 Kg7 71. Kxg5 Kh7 72. h4
Kh8 73. h5 Kg7 74. Kf5 Kh6 75. Kf4 Kg7 76. g5 Kh7 77. Kf5 Kg8 78. Kf6 Kh8 79.
Kf7 Kh7 80. g6+ Kh6 81. g7 Kh7 82. g8=Q+ Kh6 83. Qg6# 1-0

[Event "Open Nord 2016/2017"]
[Site "Meyreuil"]
[Date "2016.01.10"]
[Round "1"]
[White "Salvi, Angele"]
[Black "Chauvet, Joelle"]
[Result "0-1"]
[WhiteElo "1021"]
[BlackElo "1470"]
[PlyCount "74"]
[EventDate "2016.??.??"]

1. e4 e5 2. Nf3 d6 3. d4 exd4 4. Nxd4 Nf6 5. Nc3 Be7 6. Be2 O-O 7. Be3 a6 8.
Nf5 Bxf5 9. exf5 c6 10. O-O Nbd7 11. b4 d5 12. Na4 Bxb4 13. c3 Bd6 14. Rb1 b5
15. Nb2 Ne4 16. Qc2 Qf6 17. Bg4 Nxc3 18. Rbe1 c5 19. Nd1 b4 20. Bd2 d4 21. Bf3
Ra7 22. g3 Ne5 23. Kg2 Nxf3 24. Kxf3 h5 25. Nxc3 bxc3 26. Bf4 Bxf4 27. Kxf4 g5+
28. Kf3 Qc6+ 29. Ke2 Re7+ 30. Kd1 Qf3+ 31. Kc1 Rfe8 32. Rd1 Re2 33. Qd3 Qxd3
34. Rxd3 Rxa2 35. Kb1 Ree2 36. Rdd1 Reb2+ 37. Kc1 Ra1# 0-1

[Event "Open Nord 2016/2017"]
[Site "Meyreuil"]
[Date "2016.01.10"]
[Round "1"]
[White "Amoros, Jean"]
[Black "Renoulet, Francoise"]
[Result "1-0"]
[WhiteElo "1458"]
[BlackElo "1110"]
[PlyCount "45"]
[EventDate "2016.??.??"]

1. e4 c5 2. d4 cxd4 3. c3 Nc6 4. cxd4 d6 5. Nf3 Nf6 6. Nc3 g6 7. Bc4 e6 8. O-O
Bg7 9. Bg5 O-O 10. Qe2 Bd7 11. e5 dxe5 12. dxe5 Nxe5 13. Nxe5 Qc7 14. Nxd7 Nxd7
15. Rad1 f6 16. Qxe6+ Kh8 17. Rxd7 Qe5 18. Qxe5 fxe5 19. Rxb7 Rf5 20. Be3 Raf8
21. Rd1 Re8 22. Rdd7 Bf6 23. Rxh7# 1-0

[Event "Open Nord 2016/2017"]
[Site "Meyreuil"]
[Date "2016.01.10"]
[Round "1"]
[White "Burmonas, Marc"]
[Black "Burmonas, Solange"]
[Result "1/2-1/2"]
[WhiteElo "1180"]
[BlackElo "1270"]
[PlyCount "25"]
[EventDate "2016.??.??"]

1. e4 e5 2. Nf3 Nc6 3. Bb5 a6 4. Ba4 Nf6 5. O-O b5 6. Bb3 d6 7. Re1 Be7 8. c3
O-O 9. h3 Re8 10. Ng5 Rf8 11. Nf3 Re8 12. Ng5 Rf8 13. Nf3 1/2-1/2

[Event "Open Nord 2016/2017"]
[Site "Meyreuil"]
[Date "2016.10.14"]
[Round "2"]
[White "Lemarchand, Fabien"]
[Black "Mamah, Isabelle"]
[Result "0-1"]
[WhiteElo "1512"]
[BlackElo "1905"]
[PlyCount "80"]
[EventDate "2016.??.??"]

1. e4 c5 2. Nc3 g6 3. f4 Bg7 4. Nf3 e6 5. Bc4 Ne7 6. O-O O-O 7. d3 a6 8. a4
Nbc6 9. f5 d5 10. Ba2 d4 11. Ne2 exf5 12. Qe1 fxe4 13. Ng5 Ne5 14. Qh4 h6 15.
Nxe4 Nf5 16. Qxd8 Rxd8 17. Nxc5 b6 18. Ne4 Bb7 19. N2g3 Nxg3 20. Nxg3 Bd5 21.
Bxd5 Rxd5 22. Bf4 Rc8 23. Rac1 Rdc5 24. Bxe5 Bxe5 25. Rf2 f5 26. Re1 Bxg3 27.
hxg3 Rxc2 28. Rxc2 Rxc2 29. Re6 Rxb2 30. Rxg6+ Kh7 31. Rd6 Rb4 32. Kf2 Rxa4 33.
Rxb6 Ra3 34. Ke2 a5 35. Rd6 Ra2+ 36. Kf3 a4 37. Rxd4 a3 38. Ra4 Ra1 39. Ra6 a2
40. Ke2 Rg1 0-1

[Event "Open Nord 2016/2017"]
[Site "Meyreuil"]
[Date "2016.10.14"]
[Round "2"]
[White "Andriamandimbisoa, Mathieu"]
[Black "Arthaud, Geoffrey"]
[Result "0-1"]
[WhiteElo "1766"]
[BlackElo "1539"]
[PlyCount "76"]
[EventDate "2016.??.??"]

1. d4 Nf6 2. Nf3 e6 3. c4 Bb4+ 4. Bd2 a5 5. Bxb4 axb4 6. Qb3 Qe7 7. Nbd2 c5 8.
dxc5 Qxc5 9. e3 Nc6 10. Bd3 O-O 11. O-O Rd8 12. Rfc1 Qh5 13. h3 d5 14. c5 e5
15. Be2 Qg6 16. Kh2 Be6 17. Ne1 e4 18. Nc2 d4 19. Bc4 dxe3 20. Nf1 Bxc4 21.
Qxc4 exf2 22. Rd1 Ne5 23. Rxd8+ Rxd8 24. Qxb4 Nf3+ 25. Kh1 Nh5 26. Qb6 Qg5 27.
Nce3 Rf8 28. Qd6 Nf4 29. Ng4 f5 30. gxf3 fxg4 31. fxg4 Nxh3 32. Qe6+ Kh8 33.
Qxe4 Qh4 34. Qg2 Ng5+ 35. Nh2 Re8 36. Rf1 Re1 37. b4 Nf3 38. Qxf3 Rxf1+ 0-1

[Event "Open Nord 2016/2017"]
[Site "Meyreuil"]
[Date "2016.10.14"]
[Round "2"]
[White "Lupinacci, Patrick"]
[Black "Salvi, Michel"]
[Result "0-1"]
[WhiteElo "1483"]
[BlackElo "1711"]
[PlyCount "78"]
[EventDate "2016.??.??"]

1. Nf3 c5 2. c4 g6 3. d4 cxd4 4. Nxd4 Bg7 5. Nc3 Nf6 6. e4 d6 7. Be2 a6 8. Be3
Nbd7 9. O-O Ne5 10. h3 O-O 11. f4 Ned7 12. f5 Nc5 13. Qc2 b6 14. b4 Ncd7 15.
fxg6 hxg6 16. Rad1 Bb7 17. Nf3 Qc7 18. Nd5 Nxd5 19. exd5 Rac8 20. Qc1 Nf6 21.
Bd3 b5 22. cxb5 Qd7 23. Qb1 axb5 24. Be4 Nxe4 25. Qxe4 Rc4 26. Qb1 Rfc8 27. Bd4
Bxd5 28. Bxg7 Bxf3 29. Rxf3 Kxg7 30. Qb2+ f6 31. Rf2 Qa7 32. Kf1 Qe3 33. Re2
Qf4+ 34. Kg1 Kf8 35. a3 Rc1 36. Ree1 R1c2 37. Qd4 Rxg2+ 38. Kxg2 Rc2+ 39. Kg1
Qg3+ 0-1

[Event "Open Nord 2016/2017"]
[Site "Meyreuil"]
[Date "2016.10.14"]
[Round "2"]
[White "Loysel, Yves"]
[Black "Mignemi, Denis"]
[Result "1-0"]
[WhiteElo "1646"]
[BlackElo "1492"]
[PlyCount "79"]
[EventDate "2016.??.??"]

1. e4 d5 2. exd5 Qxd5 3. Nc3 Qa5 4. g3 Nf6 5. Bg2 c6 6. Nf3 Bg4 7. h3 Bf5 8. b4
Qd8 9. Rb1 Bc8 10. O-O e6 11. d4 Nd5 12. Nxd5 exd5 13. Re1+ Be7 14. Qe2 Be6 15.
Bf4 O-O 16. Ne5 Nd7 17. a3 Re8 18. Rb3 Bg5 19. Qd2 Bxf4 20. gxf4 f6 21. Nf3 Nb6
22. Bf1 Qd7 23. Kh2 Bf7 24. Rbe3 Rxe3 25. fxe3 Be6 26. Qg2 Bf5 27. Bd3 Be4 28.
Bxe4 dxe4 29. Nd2 f5 30. c4 Nc8 31. Rg1 Nd6 32. c5 Ne8 33. Nc4 Nf6 34. Qg5 Rf8
35. Ne5 Qe7 36. Qxf5 g6 37. Qg5 Qg7 38. f5 Nd5 39. Ng4 Rf7 40. Nh6+ 1-0

[Event "Open Nord 2016/2017"]
[Site "Meyreuil"]
[Date "2016.10.14"]
[Round "2"]
[White "Chauvet, Joelle"]
[Black "Tchifteyan, Philippe"]
[Result "1/2-1/2"]
[WhiteElo "1470"]
[BlackElo "1620"]
[PlyCount "110"]
[EventDate "2016.??.??"]

1. d4 d5 2. e3 f6 3. Nf3 Bd7 4. c4 c6 5. Nc3 e6 6. Bd3 Bb4 7. Bd2 Ne7 8. O-O
O-O 9. Qc2 f5 10. Ne5 Be8 11. c5 Nd7 12. a3 Ba5 13. b4 Bc7 14. Nf3 Ng6 15. Ne2
Nh4 16. Nxh4 Qxh4 17. g3 Qh3 18. Nf4 Bxf4 19. exf4 Nf6 20. f3 h6 21. Rae1 Bd7
22. Rf2 Kh8 23. Bf1 Qh5 24. Re5 Qf7 25. h3 Rg8 26. g4 g6 27. g5 hxg5 28. fxg5
Nh5 29. Rg2 Rg7 30. Qc1 Rh7 31. h4 Kg7 32. Bf4 Rah8 33. Rh2 Kf8 34. Ree2 Ke7
35. Be5 Ng7 36. Bf6+ Kf8 37. Qf4 Qe8 38. Rh3 Kf7 39. Reh2 Nh5 40. Qe5 Nxf6 41.
Qxf6+ Kg8 42. f4 a6 43. Be2 Qf7 44. Qxf7+ Kxf7 45. h5 gxh5 46. Rxh5 Kg7 47.
Rxh7+ Rxh7 48. Rxh7+ Kxh7 49. Bh5 Kg7 50. Kg2 Kf8 51. Kg3 Be8 52. Be2 Kg7 53.
Kh4 Bg6 54. a4 Be8 55. Bh5 Bg6 1/2-1/2

[Event "Open Nord 2016/2017"]
[Site "Meyreuil"]
[Date "2016.10.14"]
[Round "2"]
[White "Scamaroni, Jean-Paul"]
[Black "Bouriel, Michel"]
[Result "1-0"]
[WhiteElo "1608"]
[BlackElo "1473"]
[PlyCount "123"]
[EventDate "2016.??.??"]

1. d4 Nf6 2. c4 g6 3. Nc3 Bg7 4. e4 d6 5. f4 O-O 6. Nf3 c5 7. d5 e6 8. Be2 exd5
9. cxd5 Re8 10. e5 Nfd7 11. exd6 Nb6 12. Nb5 Na6 13. O-O Nxd5 14. Bc4 Nf6 15.
Ng5 Be6 16. Nxe6 fxe6 17. f5 gxf5 18. Rxf5 Kh8 19. Rf1 Nd7 20. Qg4 Ne5 21. Qe4
Nxc4 22. Qxc4 Qd7 23. Rb1 Red8 24. Bg5 Re8 25. Be7 Rg8 26. Rf7 Qc6 27. Nc3 Bd4+
28. Qxd4+ cxd4 29. Bf6+ Rg7 30. Rxg7 Rf8 31. Rc7+ Rxf6 32. Rxc6 bxc6 33. Ne4
Rf8 34. Rc1 Nb8 35. Nc5 e5 36. Re1 Rd8 37. Rxe5 Nd7 38. Nxd7 Rxd7 39. Re6 Kg8
40. Kf2 Kf7 41. Re7+ Rxe7 42. dxe7 Kxe7 43. Kf3 Ke6 44. Ke4 c5 45. b3 a5 46. g4
Kf6 47. h4 h6 48. Kf4 d3 49. Ke3 d2 50. Kxd2 Ke5 51. Kc3 Kf4 52. g5 hxg5 53.
hxg5 Kxg5 54. Kc4 Kf6 55. Kxc5 Ke7 56. Kb5 a4 57. Kxa4 Kd7 58. Kb5 Kc7 59. Ka6
Kb8 60. b4 Ka8 61. b5 Kb8 62. b6 1-0

[Event "Open Nord 2016/2017"]
[Site "Meyreuil"]
[Date "2016.10.14"]
[Round "2"]
[White "Graells, Christian"]
[Black "Amoros, Jean"]
[Result "1-0"]
[WhiteElo "1602"]
[BlackElo "1458"]
[PlyCount "135"]
[EventDate "2016.??.??"]

1. e4 e5 2. Nf3 Nc6 3. Bb5 a6 4. Ba4 Nf6 5. O-O d6 6. d4 b5 7. Bb3 Bg4 8. Bd5
Nxd5 9. exd5 Nxd4 10. Nbd2 Be7 11. c3 Nxf3+ 12. Nxf3 e4 13. Qd4 f5 14. Nd2 O-O
15. f3 Bf6 16. Qe3 Bh5 17. f4 Qb8 18. Nb3 a5 19. Nd4 Bxd4 20. Qxd4 Qa7 21. Be3
Qxd4 22. Bxd4 Bf7 23. Rfd1 Rfe8 24. Be3 g6 25. Kf2 Rac8 26. b3 Red8 27. c4 bxc4
28. bxc4 Be8 29. Rab1 Kf7 30. Rb7 Rd7 31. Ra7 c6 32. Rxa5 c5 33. Bd2 Rb7 34.
Bc3 Rcb8 35. Ke3 h6 36. Ra6 Ke7 37. Bg7 h5 38. Bh6 Rb6 39. Bg5+ Kf7 40. Ra3 Rb4
41. Ra7+ R8b7 42. Rxb7+ Rxb7 43. Bh4 Rb4 44. Rd2 Rxc4 45. Rb2 Rb4 46. Rxb4 cxb4
47. Kd4 Bb5 48. Bd8 Ke8 49. Ba5 Kd7 50. Bxb4 Kc7 51. a3 Kb6 52. Bxd6 Bd7 53.
Kc4 Bb5+ 54. Kb4 Bf1 55. g3 Bb5 56. Be5 Bd7 57. Bd4+ Kc7 58. Kc5 Kb7 59. d6 Ka6
60. Kd5 Kb5 61. Ke5 Ka4 62. Kf6 Kxa3 63. Kxg6 Kb3 64. Kxh5 Kc4 65. Ba7 Kd3 66.
Kg5 e3 67. Bxe3 Kxe3 68. h4 1-0

[Event "Open Nord 2016/2017"]
[Site "Meyreuil"]
[Date "2016.10.14"]
[Round "2"]
[White "Roman, Sylvian"]
[Black "Pelopidas, Florian"]
[Result "1/2-1/2"]
[WhiteElo "1303"]
[BlackElo "1559"]
[PlyCount "93"]
[EventDate "2016.??.??"]

1. e4 c5 2. c4 d6 3. Nc3 Nf6 4. d3 g6 5. Nge2 Bg7 6. g3 Nc6 7. Bg2 O-O 8. O-O
Rb8 9. Rb1 a6 10. b3 b5 11. Be3 Ne8 12. Qd2 Nc7 13. Bh6 Ne6 14. Bxg7 Kxg7 15.
Nd5 Ned4 16. Qb2 Kg8 17. f4 Nxe2+ 18. Qxe2 Nd4 19. Qb2 b4 20. h3 e6 21. Ne3 Bb7
22. Rf2 Qe7 23. Nc2 Nc6 24. d4 Rbd8 25. d5 exd5 26. exd5 Nb8 27. Re1 Qd7 28.
Qf6 Rde8 29. Rfe2 Qd8 30. Qxd8 Rxd8 31. Re7 Rd7 32. R1e4 Rxe7 33. Rxe7 Bc8 34.
Ne3 Bd7 35. Ng4 Kg7 36. Re2 Re8 37. Rxe8 Bxe8 38. Nf2 Kf6 39. Ne4+ Ke7 40. g4
Nd7 41. g5 f6 42. h4 f5 43. Nf2 Nb6 44. Nd3 a5 45. Nb2 a4 46. Bf3 Kd8 47. Bd1
1/2-1/2

[Event "Open Nord 2016/2017"]
[Site "Meyreuil"]
[Date "2016.10.14"]
[Round "2"]
[White "Burmonas, Solange"]
[Black "Schiano-Lomoriello, Didier"]
[Result "0-1"]
[WhiteElo "1270"]
[BlackElo "1607"]
[PlyCount "54"]
[EventDate "2016.??.??"]

1. e4 c5 2. Bc4 Nc6 3. Nf3 d6 4. h3 Nf6 5. Nc3 g6 6. d3 Bg7 7. Qe2 O-O 8. O-O
Na5 9. Bd5 e6 10. Bb3 Nxb3 11. axb3 Nd7 12. Nb5 Qb6 13. Nc3 Ne5 14. Bg5 Bd7 15.
Rfd1 Qc7 16. Qe3 Nxf3+ 17. Qxf3 f5 18. Qe3 Bd4 19. Qg3 Bc6 20. Rab1 fxe4 21.
Nxe4 Bxe4 22. dxe4 Bxf2+ 23. Qxf2 Rxf2 24. Kxf2 Rf8+ 25. Ke3 d5 26. Bh6 Qg3+
27. Kd2 Rf2+ 0-1

[Event "Open Nord 2016/2017"]
[Site "Meyreuil"]
[Date "2016.10.14"]
[Round "2"]
[White "Perdiolat, Francis"]
[Black "Burmonas, Marc"]
[Result "1-0"]
[WhiteElo "1460"]
[BlackElo "1180"]
[PlyCount "57"]
[EventDate "2016.??.??"]

1. e4 e5 2. Bc4 Bc5 3. Nf3 Nc6 4. c3 Be7 5. d4 d6 6. O-O Nf6 7. Nbd2 O-O 8. b4
Bg4 9. Re1 exd4 10. b5 Na5 11. cxd4 d5 12. exd5 Bd6 13. Qa4 b6 14. Ne5 Re8 15.
Bb2 Nxc4 16. Qxc4 Bc8 17. Ndf3 Bb7 18. Nc6 Qd7 19. Nfe5 Qf5 20. Rad1 Ng4 21.
Qc3 f6 22. Nxg4 a6 23. Ne3 Qh5 24. g3 axb5 25. a3 Bc8 26. Qd3 Bh3 27. Qe2 Bg4
28. Qxg4 Qxg4 29. Nxg4 1-0

[Event "Open Nord 2016/2017"]
[Site "Meyreuil"]
[Date "2016.10.14"]
[Round "2"]
[White "Boukhfif, Tarik"]
[Black "Hidreau, Olivier"]
[Result "1-0"]
[WhiteElo "1462"]
[BlackElo "1426"]
[PlyCount "95"]
[EventDate "2016.??.??"]

1. e4 e6 2. d4 d5 3. Nd2 c5 4. c3 cxd4 5. cxd4 Bb4 6. e5 Ne7 7. Ngf3 Nbc6 8. a3
Qa5 9. Rb1 Bxd2+ 10. Bxd2 Qb6 11. Bc3 Bd7 12. Bd3 h6 13. Qd2 Ng6 14. Bxg6 fxg6
15. Qd3 Ne7 16. Bb4 Bb5 17. Qd1 Qd8 18. Nh4 Kd7 19. Bxe7 Qxe7 20. Qg4 Qg5 21.
Qxg5 hxg5 22. Nf3 g4 23. Ng5 Ke7 24. Rc1 Rac8 25. Kd2 Bc6 26. Ke3 Rcf8 27. Rc3
Rh5 28. f4 a6 29. b4 Rfh8 30. h3 Rc8 31. Rcc1 Rch8 32. Kf2 gxh3 33. Rxh3 Rxh3
34. Nxh3 g5 35. Nxg5 Rc8 36. Kf3 Bd7 37. Rxc8 Bxc8 38. Kg4 Bd7 39. Nh7 Be8 40.
Kh4 Bg6 41. Ng5 b6 42. g4 Be4 43. Nxe4 dxe4 44. Kg3 g6 45. Kf2 Kd7 46. Ke3 Kc6
47. Kxe4 Kb5 48. d5 1-0